| 000 | 00707nam a22001935i 4500 | ||
|---|---|---|---|
| 001 | 159547 | ||
| 003 | ES-MaACL | ||
| 005 | 20250513063025.0 | ||
| 008 | 010314s1783 fr |||| | ita d | ||
| 040 |
_aAN _bspa _cAN |
||
| 100 | 1 |
_aMetastasio, Pietro, _d1698-1782 _980719 |
|
| 245 | 1 | 0 |
_aOpere del signor abate Pietro Metastasio _b: con dissertazioni, e osservazioni. _ntomo decimoquarto. |
| 260 |
_aIn Nizza : _bpresso la Società Tipographica, _c1783. |
||
| 300 |
_aXLV, 332 p. ; _c12º. |
||
| 500 | _aÍndice: p. 332. | ||
| 597 | _aSign.: a-b12, A-N12, O10. | ||
| 852 |
_aES-MaACL _jR-2192-206 _z-- Enc. pasta española, con hierros dorados. Olim: F- 2908-22. |
||
| 999 |
_c159547 _d159547 |
||